| 000 | 00557nam a22001817a 4500 | ||
|---|---|---|---|
| 003 | SISC | ||
| 005 | 20160404124746.0 | ||
| 008 | 130817t xxu||||| |||| 00| 0 eng d | ||
| 050 |
_aHV 4132.A2A3 _b.Ur73 1991 |
||
| 082 |
_aHS 362.5 _b.Ur1 1991 |
||
| 245 |
_aThe Urban poor and basic infractructure services in Asia and the Pacific. _bVolume 3 |
||
| 260 |
_aManila : _bAsian Dev. Bank, _cc1991. |
||
| 300 |
_a804 p. ; _c23 cm. |
||
| 650 |
_aPoverty _911866 |
||
| 650 |
_aAsia. _xEcon. conditions.condits _911867 |
||
| 942 |
_2lcc _cBK |
||
| 999 |
_c8932 _d8932 |
||